Energetická integrácia dvojstupňového splyňovania odpadu a biomasy bakalárska práca

Gespeichert in:
Bibliographische Detailangaben
1. Verfasser: Labanc, Márton
Format: Buch
Sprache:Slowakisch
Veröffentlicht: Bratislava STU FCHPT 2019
Online-Zugang:Im OPAC anzeigen
Tags: Tag hinzufügen
Keine Tags, Fügen Sie das erste Tag hinzu!

MARC

LEADER 00000nam a2200000 a 4500
005 20260127134307.0
008 190913 2019 xo a 001 0 slo d
035 |a vtls011886763 
039 9 |y 201909130845  |z mschk03 
040 |a STUSCHK1  |b slo  |c STUSCHK1  |e AACR2 
100 1 |a Labanc, Márton 
245 1 |a Energetická integrácia dvojstupňového splyňovania odpadu a biomasy  |b bakalárska práca  |c Márton Labanc 
260 |a Bratislava  |b STU FCHPT  |c 2019 
300 |a 59 s.  |b Obr., tab., grafy  |c 25 cm 
500 |a Študijný program: chemické inžinierstvo 
500 |a Študijný odbor: chemické inžinierstvo 
500 |a Školiace pracovisko: Oddelenie chemického a biochemického inžinierstva 
500 |a Evid. číslo: FCHPT-5431-86844 
910 |a SCHK95 
999 |c 8992  |d 8992